Watchman prayer / (Record no. 2798)

MARC details
000 -LEADER
fixed length control field 00928cam a22002774a 4500
001 - CONTROL NUMBER
control field 11969597
003 - CONTROL NUMBER IDENTIFIER
control field GBCCL
005 - DATE AND TIME OF LATEST TRANSACTION
control field 20241126110440.0
008 - FIXED-LENGTH DATA ELEMENTS--GENERAL INFORMATION
fixed length control field 000410s2000 cau b 001 0 eng
010 ## -
-- 00039023
020 ## - INTERNATIONAL STANDARD BOOK NUMBER
International Standard Book Number 0830725679
040 ## - CATALOGING SOURCE
Original cataloging agency DLC
Transcribing agency DLC
Modifying agency DLC
042 ## -
-- pcc
050 00 -
-- BV210.2
-- .S513 2000
082 00 - DEWEY DECIMAL CLASSIFICATION NUMBER
Classification number 248.32
Edition information 21
Item number SHE
100 1# - MAIN ENTRY--PERSONAL NAME
Personal name Sheets, Dutch.
9 (RLIN) 5579
245 10 - TITLE STATEMENT
Title Watchman prayer /
Statement of responsibility, etc. Dutch Sheets.
260 ## - PUBLICATION, DISTRIBUTION, ETC.
Place of publication, distribution, etc. Ventura, Calif. :
Name of publisher, distributor, etc. Regal,
Date of publication, distribution, etc. c2000.
300 ## - PHYSICAL DESCRIPTION
Extent 213 p. ;
Dimensions 23 cm.
504 ## - BIBLIOGRAPHY, ETC. NOTE
Bibliography, etc. note Includes bibliographical references (p. [202]-206) and indexes.
650 #0 - SUBJECT ADDED ENTRY--TOPICAL TERM
Topical term or geographic name entry element Prayer
General subdivision Christianity.
9 (RLIN) 227
650 #0 - SUBJECT ADDED ENTRY--TOPICAL TERM
Topical term or geographic name entry element Spiritual warfare.
9 (RLIN) 576
906 ## - LOCAL DATA ELEMENT F, LDF (RLIN)
a 7
b cbc
c orignew
d 1
e ocip
f 20
g y-gencatlg
942 ## - ADDED ENTRY ELEMENTS (KOHA)
Source of classification or shelving scheme Dewey Decimal Classification
Koha item type Books
Holdings
Withdrawn status Lost status Source of classification or shelving scheme Damaged status Not for loan Home library Current Library Shelving location Date acquired Total checkouts Full call number Barcode Date last seen Copy number Price effective from Koha item type
    Dewey Decimal Classification     GRACE BIBLE COLLEGE GRACE BIBLE COLLEGE Ministry & Mission 2017-09-20   248.32 SHE 007451 2025-05-01 c.2 2017-09-20 Books
    Dewey Decimal Classification     GRACE BIBLE COLLEGE GRACE BIBLE COLLEGE Ministry & Mission 2017-09-21   248.32 SHE 006695 2025-05-01 c.1 2017-09-21 Books
    Dewey Decimal Classification     GRACE BIBLE COLLEGE GRACE BIBLE COLLEGE Ministry & Mission 2017-09-21   248.32 SHE 012564 2025-05-01 c.3 2017-09-21 Books
    Dewey Decimal Classification     GRACE BIBLE COLLEGE GRACE BIBLE COLLEGE Ministry & Mission 2017-09-21   248.32 SHE 012565 2025-05-01 c.4 2017-09-21 Books
© Grace Bible College Library 2025